[Event "Montcalm op 3 2013-14"]
[Site "Quebec CAN"]
[Date "2013.11.14"]
[Round "1"]
[White "Pouliot, Andre"]
[Black "Boulianne, Gabriel"]
[Result "0-1"]
[WhiteElo "1329"]
[BlackElo "1760"]
[PlyCount "92"]
[GameId "2160767909216460"]
[EventDate "2013.11.14"]
[EventType "swiss"]
[EventRounds "5"]
[EventCountry "CAN"]
[SourceTitle "EXT 2022"]
[Source "ChessBase"]
[SourceDate "2021.10.06"]
[SourceVersion "1"]
[SourceVersionDate "2021.10.06"]
[SourceQuality "1"]

1. d4 Nf6 2. c4 e5 3. dxe5 Ne4 4. Nf3 b6 5. e3 Bb4+ 6. Nbd2 Bb7 7. Be2 Qe7 8. O-O Bxd2 9. Bxd2 Nc6 10. a3 Nxd2 11. Qxd2 Nxe5 12. Nxe5 Qxe5 13. Qd4 Qg5 14. Qg4 Qf6 15. Rad1 d6 16. Qd4 Qg5 17. Qg4 Qe5 18. Qd4 Ke7 19. Qxe5+ dxe5 20. Rd2 Rad8 21. Rfd1 a5 22. Bg4 Rxd2 23. Rxd2 Rd8 24. Rxd8 Kxd8 25. Kf1 Ke7 26. f4 exf4 27. exf4 Kd6 28. g3 Kc5 29. Be2 Kd4 30. Kf2 Ba6 31. c5 Bxe2 32. Kxe2 Kxc5 33. Kd3 Kd5 34. g4 h6 35. h3 g6 36. h4 f5 37. g5 hxg5 38. hxg5 b5 39. b4 axb4 40. axb4 c5 41. bxc5 Kxc5 42. Kc3 Kd5 43. Kd3 b4 44. Ke3 b3 45. Kd2 b2 46. Kc2 Ke4 0-1

[Event "Montcalm op 3 2013-14"]
[Site "Quebec CAN"]
[Date "2013.11.14"]
[Round "1"]
[White "Ripoll, Arthur"]
[Black "Gauthier, Jean Claude"]
[Result "1-0"]
[WhiteElo "1696"]
[BlackElo "1198"]
[PlyCount "47"]
[GameId "2160767909216461"]
[EventDate "2013.11.14"]
[EventType "swiss"]
[EventRounds "5"]
[EventCountry "CAN"]
[SourceTitle "EXT 2022"]
[Source "ChessBase"]
[SourceDate "2021.10.06"]
[SourceVersion "1"]
[SourceVersionDate "2021.10.06"]
[SourceQuality "1"]

1. e4 c5 2. Nf3 d6 3. d4 cxd4 4. Nxd4 Nf6 5. Nc3 a6 6. f3 e5 7. Nb3 Be6 8. Be3 Be7 9. g4 h6 10. Qd2 O-O 11. O-O-O Nc6 12. h4 Nxg4 13. fxg4 Bxg4 14. Be2 Bxe2 15. Qxe2 Bxh4 16. Rdg1 g5 17. Rxh4 Qf6 18. Nd5 Qh8 19. Bxg5 Qg7 20. Nf6+ Kh8 21. Rxh6+ Qxh6 22. Bxh6 Rg8 23. Nxg8 Rxg8 24. Rxg8+ 1-0

[Event "Montcalm op 3 2013-14"]
[Site "Quebec CAN"]
[Date "2013.11.21"]
[Round "2"]
[White "Biakolo, Lima"]
[Black "Ripoll, Arthur"]
[Result "1-0"]
[WhiteElo "1889"]
[BlackElo "1696"]
[PlyCount "81"]
[GameId "2160767909216462"]
[EventDate "2013.11.14"]
[EventType "swiss"]
[EventRounds "5"]
[EventCountry "CAN"]
[SourceTitle "EXT 2022"]
[Source "ChessBase"]
[SourceDate "2021.10.06"]
[SourceVersion "1"]
[SourceVersionDate "2021.10.06"]
[SourceQuality "1"]

1. e4 e5 2. Nf3 Nc6 3. Bb5 Nd4 4. Bc4 Bc5 5. O-O d6 6. c3 Nxf3+ 7. Qxf3 Qf6 8. Qe2 h5 9. d3 Bg4 10. Qd2 O-O-O 11. Qg5 Qxg5 12. Bxg5 f6 13. Be3 g5 14. d4 Bb6 15. a4 a5 16. Na3 h4 17. f3 Bd7 18. Nc2 Ne7 19. b4 g4 20. fxg4 h3 21. g3 Bxg4 22. Rxf6 Rdf8 23. Raf1 Rxf6 24. Rxf6 Bd1 25. bxa5 Bxa5 26. Nb4 Bxa4 27. dxe5 Bxb4 28. cxb4 dxe5 29. Re6 Nc6 30. b5 Nd4 31. Bxd4 exd4 32. Kf2 Bd1 33. Rf6 Bg4 34. e5 Re8 35. e6 c6 36. b6 Kd8 37. Rf7 Kc8 38. Rc7+ Kb8 39. e7 Bh5 40. Rd7 Kc8 41. Be6 1-0

[Event "Montcalm op 3 2013-14"]
[Site "Quebec CAN"]
[Date "2013.11.21"]
[Round "2"]
[White "Bonneau, Daniel"]
[Black "Dube, Daniel"]
[Result "1-0"]
[WhiteElo "2012"]
[BlackElo "1743"]
[PlyCount "135"]
[GameId "2160767909216463"]
[EventDate "2013.11.14"]
[EventType "swiss"]
[EventRounds "5"]
[EventCountry "CAN"]
[SourceTitle "EXT 2022"]
[Source "ChessBase"]
[SourceDate "2021.10.06"]
[SourceVersion "1"]
[SourceVersionDate "2021.10.06"]
[SourceQuality "1"]

1. c4 Nf6 2. Nc3 e6 3. g3 Bb4 4. Bg2 c5 5. e3 O-O 6. Nge2 d5 7. cxd5 exd5 8. Qb3 d4 9. exd4 Bxc3 10. Qxc3 Re8 11. Kf1 cxd4 12. Nxd4 Qe7 13. d3 Nc6 14. Be3 Nxd4 15. Qxd4 Bf5 16. Rd1 Rad8 17. Qxa7 Bxd3+ 18. Kg1 Be2 19. Rxd8 Rxd8 20. h3 Ne4 21. Kh2 h5 22. Re1 Bd3 23. Bb6 Rc8 24. f3 Qb4 25. Ba5 Qxb2 26. fxe4 Rc2 27. Qg1 h4 28. Bb6 hxg3+ 29. Kh1 Bb5 30. Rb1 Qc3 31. Qd4 Rc1+ 32. Rxc1 Qxc1+ 33. Qg1 Qb2 34. Qe1 Qxa2 35. Qxg3 Qb1+ 36. Kh2 Qb2 37. Bc7 f6 38. e5 Bf1 39. exf6 Qxg2+ 40. Qxg2 Bxg2 41. Kxg2 gxf6 42. Kg3 Kf7 43. Kf4 Kg6 44. Kg4 b5 45. Bd6 f5+ 46. Kf4 Kh5 47. Be7 b4 48. Kg3 b3 49. Bf6 f4+ 50. Kf3 Kg6 51. Be5 Kf5 52. Bb2 Kg5 53. Bc3 Kh4 54. Kg2 f3+ 55. Kh2 f2 56. Bf6+ Kh5 57. Kg2 Kg6 58. Bb2 Kg5 59. Kxf2 Kh4 60. Kg2 Kh5 61. Kg3 Kg5 62. h4+ Kf5 63. Kf3 Kg6 64. Kg4 Kh6 65. h5 Kh7 66. Kg5 Kg8 67. Kg6 Kf8 68. h6 1-0

[Event "Montcalm op 3 2013-14"]
[Site "Quebec CAN"]
[Date "2013.11.21"]
[Round "2"]
[White "Boulianne, Gabriel"]
[Black "Bergeron, Marc"]
[Result "0-1"]
[WhiteElo "1760"]
[BlackElo "2019"]
[PlyCount "29"]
[GameId "2160767909216464"]
[EventDate "2013.11.14"]
[EventType "swiss"]
[EventRounds "5"]
[EventCountry "CAN"]
[SourceTitle "EXT 2022"]
[Source "ChessBase"]
[SourceDate "2021.10.06"]
[SourceVersion "1"]
[SourceVersionDate "2021.10.06"]
[SourceQuality "1"]

1. e4 e6 2. d4 d5 3. Nc3 Nf6 4. Bg5 Bb4 5. e5 h6 6. exf6 hxg5 7. fxg7 Rg8 8. Qh5 Qf6 9. Nf3 Qxg7 10. h4 g4 11. Ne5 Nd7 12. O-O-O Bxc3 13. bxc3 Nf6 14. Qg5 Ne4 15. Qd2 0-1

[Event "Montcalm op 3 2013-14"]
[Site "Quebec CAN"]
[Date "2013.11.21"]
[Round "2"]
[White "Bourassa, Andre"]
[Black "Lapierre, Gaetan"]
[Result "0-1"]
[WhiteElo "1743"]
[BlackElo "1941"]
[PlyCount "49"]
[GameId "2160767909216465"]
[EventDate "2013.11.14"]
[EventType "swiss"]
[EventRounds "5"]
[EventCountry "CAN"]
[SourceTitle "EXT 2022"]
[Source "ChessBase"]
[SourceDate "2021.10.06"]
[SourceVersion "1"]
[SourceVersionDate "2021.10.06"]
[SourceQuality "1"]

1. d4 Nf6 2. c4 g6 3. Nc3 Bg7 4. e4 d6 5. f3 O-O 6. Be3 e5 7. dxe5 dxe5 8. Qxd8 Rxd8 9. Nb5 Na6 10. a3 c6 11. Nc3 Nc7 12. g3 Ne6 13. Bg2 Nd4 14. O-O-O Nb3+ 15. Kc2 Rxd1 16. Nxd1 Nd4+ 17. Kc3 c5 18. Nf2 b6 19. Nd3 Ne8 20. Ne1 Be6 21. Bh3 Bxh3 22. Nxh3 Nd6 23. Rf1 f5 24. exf5 N4xf5 25. b3 0-1

[Event "Montcalm op 3 2013-14"]
[Site "Quebec CAN"]
[Date "2013.11.28"]
[Round "3"]
[White "Bender, Karl"]
[Black "Boulianne, Gabriel"]
[Result "1/2-1/2"]
[WhiteElo "1603"]
[BlackElo "1760"]
[PlyCount "142"]
[GameId "2160767909216466"]
[EventDate "2013.11.14"]
[EventType "swiss"]
[EventRounds "5"]
[EventCountry "CAN"]
[SourceTitle "EXT 2022"]
[Source "ChessBase"]
[SourceDate "2021.10.06"]
[SourceVersion "1"]
[SourceVersionDate "2021.10.06"]
[SourceQuality "1"]

1. d4 Nf6 2. Nf3 c5 3. g3 cxd4 4. Nxd4 e5 5. Nf3 Nc6 6. Bg2 d5 7. O-O Bc5 8. e3 O-O 9. c3 Bg4 10. Qb3 Qe7 11. h3 Be6 12. Ng5 e4 13. Nxe6 fxe6 14. Nd2 Ne5 15. c4 Nd3 16. cxd5 exd5 17. Nxe4 Ne5 18. Nxf6+ Rxf6 19. Qxd5+ Kh8 20. Qxb7 Qxb7 21. Bxb7 Raf8 22. Bd2 Rb6 23. Bc3 Nd3 24. Bg2 Nxb2 25. Rab1 Nd3 26. Rxb6 axb6 27. Bd4 Bxd4 28. exd4 Rd8 29. d5 Rd6 30. Rd1 Nc5 31. Re1 h6 32. Re8+ Kh7 33. Rc8 Kg6 34. Rc6 Nb7 35. f4 Kf6 36. g4 g5 37. f5 Ke5 38. Rc7 Nc5 39. Rg7 Rf6 40. Re7+ Kd6 41. Rg7 Ke5 42. Kh2 Kd6 43. Kg3 Ke5 44. h4 gxh4+ 45. Kxh4 Nd3 46. Re7+ Kd6 47. Re6+ Rxe6 48. dxe6 Ke7 49. Be4 Nf4 50. g5 hxg5+ 51. Kxg5 Nxe6+ 52. Kg6 Nc5 53. f6+ Kf8 54. Bd5 b5 55. Kf5 b4 56. Ke5 Nd7+ 57. Ke6 Nc5+ 58. Kd6 Nd3 59. Bc4 Nf2 60. f7 Ne4+ 61. Ke5 Ng5 62. Kd4 Nxf7 63. Bxf7 Kxf7 64. Kc4 Ke7 65. Kxb4 Kd6 66. Kb5 Kc7 67. Kc5 Kb7 68. Kb5 Ka7 69. a4 Kb7 70. a5 Ka7 71. a6 Ka8 1/2-1/2

[Event "Montcalm op 3 2013-14"]
[Site "Quebec CAN"]
[Date "2013.11.28"]
[Round "3"]
[White "Bergeron, Marc"]
[Black "Biakolo, Lima"]
[Result "0-1"]
[WhiteElo "2019"]
[BlackElo "1889"]
[PlyCount "84"]
[GameId "2160767909216467"]
[EventDate "2013.11.14"]
[EventType "swiss"]
[EventRounds "5"]
[EventCountry "CAN"]
[SourceTitle "EXT 2022"]
[Source "ChessBase"]
[SourceDate "2021.10.06"]
[SourceVersion "1"]
[SourceVersionDate "2021.10.06"]
[SourceQuality "1"]

1. c4 Nf6 2. g3 c5 3. Bg2 Nc6 4. Nc3 g6 5. Nf3 Bg7 6. d4 cxd4 7. Nxd4 Qa5 8. O-O O-O 9. Nb3 Qb4 10. Nd2 d6 11. a3 Qa5 12. Nd5 Nxd5 13. cxd5 Ne5 14. h3 b5 15. Kh2 Bd7 16. f4 Nc4 17. Nxc4 bxc4 18. Bd2 Qc5 19. Bc3 Rab8 20. Bxg7 Kxg7 21. Qc2 Rb3 22. Rac1 Rfb8 23. Qxc4 Qxc4 24. Rxc4 Rxb2 25. Re1 R8b7 26. Rc3 h5 27. Bf3 a5 28. g4 hxg4 29. hxg4 a4 30. Kg3 R7b3 31. Rec1 Rxc3 32. Rxc3 Rb3 33. Rxb3 axb3 34. Be4 f5 35. Bb1 fxg4 36. e4 Kf6 37. a4 Bxa4 38. Kxg4 Bd7+ 39. Kf3 g5 40. fxg5+ Kxg5 41. Ke3 Bg4 42. Kd2 Kf4 0-1

[Event "Montcalm op 3 2013-14"]
[Site "Quebec CAN"]
[Date "2013.11.28"]
[Round "3"]
[White "Lapierre, Gaetan"]
[Black "Bonneau, Daniel"]
[Result "1-0"]
[WhiteElo "1941"]
[BlackElo "2018"]
[PlyCount "87"]
[GameId "2160767909216468"]
[EventDate "2013.11.14"]
[EventType "swiss"]
[EventRounds "5"]
[EventCountry "CAN"]
[SourceTitle "EXT 2022"]
[Source "ChessBase"]
[SourceDate "2021.10.06"]
[SourceVersion "1"]
[SourceVersionDate "2021.10.06"]
[SourceQuality "1"]

1. e4 e6 2. d4 d5 3. e5 c5 4. c3 Nc6 5. Nf3 Bd7 6. a3 c4 7. g3 f6 8. exf6 Nxf6 9. Ne5 Bd6 10. Nxd7 Qxd7 11. Bg2 O-O 12. O-O e5 13. dxe5 Nxe5 14. Bxd5+ Kh8 15. f4 Bc5+ 16. Kg2 Nxd5 17. fxe5 Rf2+ 18. Rxf2 Ne3+ 19. Bxe3 Qxd1 20. Rd2 Qe1 21. Bxc5 Qxe5 22. Bf2 Qe4+ 23. Kg1 Rf8 24. a4 h5 25. Na3 h4 26. Re1 Qc6 27. gxh4 Qxa4 28. Re4 Qc6 29. Rxc4 Qg6+ 30. Bg3 b5 31. Rcd4 Qb6 32. Rf2 Re8 33. Nc2 a5 34. Rd6 Qc5 35. Nd4 b4 36. cxb4 axb4 37. Nf3 Re2 38. Rd8+ Kh7 39. Ng5+ Kg6 40. Rd6+ Kh5 41. Rd8 Rxb2 42. Nf3 Rb1+ 43. Kg2 Qc1 44. Rh8+ 1-0

[Event "Montcalm op 3 2013-14"]
[Site "Quebec CAN"]
[Date "2013.11.28"]
[Round "3"]
[White "Plante, Rejean"]
[Black "Cummins, Paul"]
[Result "1-0"]
[WhiteElo "2011"]
[BlackElo "1805"]
[PlyCount "71"]
[GameId "2160767909216469"]
[EventDate "2013.11.14"]
[EventType "swiss"]
[EventRounds "5"]
[EventCountry "CAN"]
[SourceTitle "EXT 2022"]
[Source "ChessBase"]
[SourceDate "2021.10.06"]
[SourceVersion "1"]
[SourceVersionDate "2021.10.06"]
[SourceQuality "1"]

1. e4 e5 2. Nf3 Nc6 3. Bb5 a6 4. Ba4 Nf6 5. d3 b5 6. Bb3 Bc5 7. O-O d6 8. c3 Bg4 9. Re1 h6 10. Nbd2 O-O 11. Nf1 a5 12. Be3 Ba7 13. a4 b4 14. Bxa7 Rxa7 15. Ne3 Bd7 16. h3 bxc3 17. bxc3 Ne7 18. Nh4 Kh7 19. Qf3 Ng6 20. Nhf5 Nf4 21. d4 Ng6 22. h4 exd4 23. cxd4 Bc6 24. Bc2 d5 25. h5 Nxe4 26. Nxd5 Ng5 27. Qg3 Bxd5 28. hxg6+ fxg6 29. Nh4 Bf7 30. f4 Qxd4+ 31. Kh2 Ra6 32. fxg5 hxg5 33. Nf3 Qb2 34. Nxg5+ Kg8 35. Qh3 Rd8 36. Nxf7 1-0

[Event "Montcalm op 3 2013-14"]
[Site "Quebec CAN"]
[Date "2013.11.28"]
[Round "3"]
[White "Pouliot, Andre"]
[Black "Bourassa, Andre"]
[Result "0-1"]
[WhiteElo "1329"]
[BlackElo "1743"]
[PlyCount "70"]
[GameId "2160767909216470"]
[EventDate "2013.11.14"]
[EventType "swiss"]
[EventRounds "5"]
[EventCountry "CAN"]
[SourceTitle "EXT 2022"]
[Source "ChessBase"]
[SourceDate "2021.10.06"]
[SourceVersion "1"]
[SourceVersionDate "2021.10.06"]
[SourceQuality "1"]

1. d4 d5 2. c4 e6 3. Nf3 Nf6 4. e3 c6 5. Be2 Bd6 6. Nc3 Nbd7 7. O-O O-O 8. a3 Ne4 9. Nxe4 dxe4 10. Nd2 f5 11. c5 Bc7 12. b4 Rf6 13. f3 Rh6 14. f4 Qh4 15. h3 Qg3 16. Qe1 Qxe3+ 17. Qf2 Bxf4 18. Qxe3 Bxe3+ 19. Kh1 Bxd4 20. Rb1 Rf6 21. Nc4 Rf8 22. Bg5 Nf6 23. Rbd1 e5 24. Rfe1 h6 25. Be3 Bxe3 26. Nxe3 Be6 27. Rd6 Kf7 28. Nc4 Nd7 29. Bh5+ Ke7 30. Na5 Rab8 31. Re3 Rf6 32. h4 Bd5 33. Rg3 Rxd6 34. Rxg7+ Kf8 35. Rh7 Nxc5 0-1

[Event "Montcalm op 3 2013-14"]
[Site "Quebec CAN"]
[Date "2013.11.28"]
[Round "3"]
[White "Ripoll, Arthur"]
[Black "Gagnon, Stephane"]
[Result "1-0"]
[WhiteElo "1696"]
[BlackElo "1559"]
[PlyCount "67"]
[GameId "2160767909216471"]
[EventDate "2013.11.14"]
[EventType "swiss"]
[EventRounds "5"]
[EventCountry "CAN"]
[SourceTitle "EXT 2022"]
[Source "ChessBase"]
[SourceDate "2021.10.06"]
[SourceVersion "1"]
[SourceVersionDate "2021.10.06"]
[SourceQuality "1"]

1. e4 e5 2. Nf3 Nc6 3. Bc4 Nf6 4. Ng5 d5 5. exd5 Na5 6. Bb5+ c6 7. dxc6 Nxc6 8. Bc4 Be6 9. Nxe6 fxe6 10. Bxe6 Bc5 11. O-O Nd4 12. Bc4 b5 13. Bb3 Nxb3 14. axb3 O-O 15. Qe2 Qb6 16. d3 Nd5 17. Nc3 Nf4 18. Bxf4 exf4 19. Qf3 Rad8 20. Rfe1 Rf5 21. Re2 Qh6 22. Rae1 Qg6 23. Re6 Qf7 24. Qc6 Qh5 25. Re8+ Rf8 26. Rxf8+ Rxf8 27. Qd5+ Qxd5 28. Nxd5 f3 29. g3 Rc8 30. c3 a5 31. d4 Bd6 32. Ne7+ Bxe7 33. Rxe7 b4 34. Re3 1-0

[Event "Montcalm op 3 2013-14"]
[Site "Quebec CAN"]
[Date "2013.12.05"]
[Round "4"]
[White "Biakolo, Lima"]
[Black "Plante, Rejean"]
[Result "0-1"]
[WhiteElo "1889"]
[BlackElo "2011"]
[PlyCount "82"]
[GameId "2160767909216472"]
[EventDate "2013.11.14"]
[EventType "swiss"]
[EventRounds "5"]
[EventCountry "CAN"]
[SourceTitle "EXT 2022"]
[Source "ChessBase"]
[SourceDate "2021.10.06"]
[SourceVersion "1"]
[SourceVersionDate "2021.10.06"]
[SourceQuality "1"]

1. e4 d5 2. exd5 Qxd5 3. Nf3 Qd6 4. Nc3 Nf6 5. d4 a6 6. h3 b5 7. a3 Bb7 8. Be2 Nbd7 9. O-O e6 10. Bg5 Be7 11. Qd2 O-O 12. Rfe1 Rfd8 13. Rad1 Qb6 14. Qf4 c5 15. dxc5 Bxc5 16. Qh4 Rac8 17. Bd3 Nf8 18. Bxf6 gxf6 19. Ne4 Bxe4 20. Rxe4 f5 21. Re2 Ng6 22. Qh5 f6 23. g3 Rd5 24. h4 Qc6 25. Rde1 Rd6 26. Nh2 Qd7 27. Qh6 e5 28. h5 Nf8 29. Nf3 Re8 30. Nh4 e4 31. Qf4 Re5 32. g4 exd3 33. cxd3 Rd4 34. Re4 fxe4 35. Nf5 Rxf5 36. gxf5 exd3 37. Qf3 d2 38. Rd1 Rd3 39. Qf4 Qd6 40. Qg4+ Kh8 41. Kg2 Qd4 0-1

[Event "Montcalm op 3 2013-14"]
[Site "Quebec CAN"]
[Date "2013.12.05"]
[Round "4"]
[White "Bluteau, Yvon"]
[Black "Bergeron, Marc"]
[Result "0-1"]
[WhiteElo "2019"]
[BlackElo "1832"]
[PlyCount "124"]
[GameId "2160767909216473"]
[EventDate "2013.11.14"]
[EventType "swiss"]
[EventRounds "5"]
[EventCountry "CAN"]
[SourceTitle "EXT 2022"]
[Source "ChessBase"]
[SourceDate "2021.10.06"]
[SourceVersion "1"]
[SourceVersionDate "2021.10.06"]
[SourceQuality "1"]

1. e4 e6 2. Nf3 d5 3. Nc3 d4 4. Ne2 c5 5. c3 Nc6 6. d3 e5 7. Ng3 g6 8. Be2 h5 9. h4 f6 10. O-O Be6 11. Nh2 Bd6 12. f4 exf4 13. Bxf4 Bxf4 14. Rxf4 Qd6 15. Qd2 O-O-O 16. Nhf1 Qe5 17. Rf2 Nge7 18. Qf4 Rhf8 19. Nd2 dxc3 20. bxc3 Qxc3 21. Nb3 Bxb3 22. Rc1 Qd4 23. axb3 g5 24. Qd2 Ng6 25. Rc4 Qe5 26. Qe3 b6 27. Rf5 Qb2 28. hxg5 Nge5 29. Rxf6 Rxf6 30. gxf6 Nxc4 31. bxc4 Qxf6 32. Bxh5 Qd4 33. Qxd4 cxd4 34. Nf5 Kc7 35. Kf2 a5 36. Bd1 Nb4 37. Ke2 Na2 38. Kd2 Kc6 39. e5 Rh8 40. Nxd4+ Kd7 41. Bg4+ Ke8 42. Nb5 Nb4 43. Nd6+ Kf8 44. Nf5 Nc6 45. e6 Rh1 46. d4 Nxd4 47. Nxd4 Rh4 48. e7+ Ke8 49. Nf5 Rxg4 50. Nd6+ Kxe7 51. Nc8+ Kd7 52. Nxb6+ Kc6 53. Nd5 Rxg2+ 54. Kc3 Kc5 55. Nf4 Rg3+ 56. Nd3+ Kb6 57. Kd4 a4 58. Nb4 a3 59. Nd5+ Ka5 60. Nc3 Kb4 61. Na2+ Kb3 62. Nc1+ Kb2 0-1

[Event "Montcalm op 3 2013-14"]
[Site "Quebec CAN"]
[Date "2013.12.05"]
[Round "4"]
[White "Bonneau, Daniel"]
[Black "Ripoll, Arthur"]
[Result "1-0"]
[WhiteElo "2018"]
[BlackElo "1696"]
[PlyCount "51"]
[GameId "2160767909216474"]
[EventDate "2013.11.14"]
[EventType "swiss"]
[EventRounds "5"]
[EventCountry "CAN"]
[SourceTitle "EXT 2022"]
[Source "ChessBase"]
[SourceDate "2021.10.06"]
[SourceVersion "1"]
[SourceVersionDate "2021.10.06"]
[SourceQuality "1"]

1. d4 Nf6 2. Nf3 e6 3. c4 Bb4+ 4. Bd2 Bxd2+ 5. Qxd2 O-O 6. Nc3 c6 7. e4 d5 8. Bd3 dxc4 9. Bxc4 b5 10. Bd3 Bb7 11. e5 Nd5 12. Ne4 Nd7 13. Rc1 Rc8 14. Nd6 Rb8 15. Nxb7 Rxb7 16. Rxc6 Qe7 17. Rc1 Rd8 18. O-O a6 19. Ng5 g6 20. Ne4 Nb4 21. Nd6 Nxd3 22. Nxb7 Nxc1 23. Nxd8 Nxa2 24. Nc6 Qe8 25. Qa5 Qc8 26. Ne7+ 1-0

[Event "Montcalm op 3 2013-14"]
[Site "Quebec CAN"]
[Date "2013.12.12"]
[Round "5"]
[White "Boulianne, Gabriel"]
[Black "Le-Huu, Pascal"]
[Result "1-0"]
[Annotator "Boulianne,Gabriel"]
[WhiteElo "1760"]
[BlackElo "1296"]
[PlyCount "31"]
[GameId "2160767909216475"]
[EventDate "2013.11.14"]
[EventType "swiss"]
[EventRounds "5"]
[EventCountry "CAN"]

1. e4 e5 2. Nf3 Nc6 3. Bc4 Bc5 4. c3 Nf6 5. O-O Nxe4 6. Qe2 Nxf2 7. Rxf2 Bxf2+ 8. Qxf2 O-O 9. d3 d6 10. Bg5 Qe8 11. Nbd2 b6 12. Ne4 Bb7 13. Nf6+ Kh8 14. Qh4 h6 15. Bxh6 Qe7 16. Bg5# 1-0

[Event "Montcalm op 4 2012-13"]
[Site "Quebec CAN"]
[Date "2013.01.10"]
[Round "1"]
[White "Bluteau, Yvon"]
[Black "Tremblay-Alix, Eric"]
[Result "0-1"]
[WhiteElo "1901"]
[BlackElo "1861"]
[PlyCount "64"]
[GameId "2160767909382147"]
[EventDate "2013.01.10"]
[EventType "swiss"]
[EventRounds "5"]
[EventCountry "CAN"]
[SourceTitle "EXT 2022"]
[Source "ChessBase"]
[SourceDate "2021.10.06"]
[SourceVersion "1"]
[SourceVersionDate "2021.10.06"]
[SourceQuality "1"]

1. Nf3 d5 2. d4 Nf6 3. g3 g6 4. Bg2 Bf5 5. c4 Bg7 6. O-O O-O 7. cxd5 Nxd5 8. Qb3 Nb6 9. Nc3 c6 10. Rd1 Qc8 11. Bf4 N8d7 12. Rac1 Nf6 13. Ne5 Bh3 14. d5 Bxg2 15. Kxg2 Nh5 16. e3 h6 17. d6 Nxf4+ 18. exf4 exd6 19. Rxd6 Bxe5 20. fxe5 Qf5 21. Re1 Rae8 22. Rf6 Qg5 23. f4 Qxf6 24. exf6 Rxe1 25. f5 gxf5 26. a4 Rd8 27. a5 Rd2+ 28. Kh3 Rh1 29. g4 f4 30. g5 h5 31. Qxf7+ Kxf7 32. g6+ Kxg6 0-1

[Event "Montcalm op 4 2012-13"]
[Site "Quebec CAN"]
[Date "2013.01.10"]
[Round "1"]
[White "Plante, Rejean"]
[Black "Bergeron, Marc"]
[Result "1-0"]
[WhiteElo "2017"]
[BlackElo "2022"]
[PlyCount "75"]
[GameId "2160767909382148"]
[EventDate "2013.01.10"]
[EventType "swiss"]
[EventRounds "5"]
[EventCountry "CAN"]
[SourceTitle "EXT 2022"]
[Source "ChessBase"]
[SourceDate "2021.10.06"]
[SourceVersion "1"]
[SourceVersionDate "2021.10.06"]
[SourceQuality "1"]

1. c4 Nc6 2. Nc3 e5 3. g3 Nf6 4. Bg2 Bc5 5. e3 O-O 6. Nge2 Re8 7. a3 a5 8. d3 d6 9. O-O Bg4 10. h3 Bd7 11. b3 Qc8 12. Kh2 Ba7 13. Bb2 Ne7 14. Nd5 Nfxd5 15. cxd5 c6 16. Rc1 Qd8 17. dxc6 Bxc6 18. e4 f5 19. f4 d5 20. Bxe5 dxe4 21. d4 Nd5 22. Qd2 Re6 23. Nc3 Rh6 24. Nxd5 Qxd5 25. Qc3 Bb6 26. Rfe1 Qf7 27. Bf1 Bd5 28. Bc4 Rc6 29. Bxd5 Qxd5 30. Qe3 Rac8 31. g4 Rc2+ 32. Rxc2 Rxc2+ 33. Re2 Rxe2+ 34. Qxe2 Qxb3 35. gxf5 Qd3 36. Qg2 g6 37. fxg6 h6 38. Qa2+ 1-0

[Event "Montcalm op 4 2012-13"]
[Site "Quebec CAN"]
[Date "2013.01.17"]
[Round "2"]
[White "Bergeron, Marc"]
[Black "Marquis, Paul"]
[Result "1-0"]
[WhiteElo "2022"]
[BlackElo "1952"]
[PlyCount "53"]
[GameId "2160767909382149"]
[EventDate "2013.01.10"]
[EventType "swiss"]
[EventRounds "5"]
[EventCountry "CAN"]
[SourceTitle "EXT 2022"]
[Source "ChessBase"]
[SourceDate "2021.10.06"]
[SourceVersion "1"]
[SourceVersionDate "2021.10.06"]
[SourceQuality "1"]

1. c4 Nf6 2. Nc3 g6 3. g3 Bg7 4. Bg2 d6 5. e4 O-O 6. Nge2 c6 7. d4 Nbd7 8. O-O Qc7 9. h3 e5 10. d5 a5 11. Be3 Nc5 12. f4 exf4 13. gxf4 Nfd7 14. Rc1 Rd8 15. Nd4 Nb6 16. b3 Qe7 17. Qf3 Bd7 18. f5 gxf5 19. exf5 Re8 20. Rce1 Qf6 21. Rd1 Nc8 22. Qg3 h6 23. Nce2 Ne4 24. Qg4 cxd5 25. cxd5 Nc5 26. Ne6 Kh7 27. Bd4 1-0

[Event "Montcalm op 4 2012-13"]
[Site "Quebec CAN"]
[Date "2013.01.17"]
[Round "2"]
[White "Dascine Henry, James"]
[Black "Ripoll, Arthur"]
[Result "1-0"]
[WhiteElo "1465"]
[BlackElo "1594"]
[PlyCount "71"]
[GameId "2160767909382150"]
[EventDate "2013.01.10"]
[EventType "swiss"]
[EventRounds "5"]
[EventCountry "CAN"]
[SourceTitle "EXT 2022"]
[Source "ChessBase"]
[SourceDate "2021.10.06"]
[SourceVersion "1"]
[SourceVersionDate "2021.10.06"]
[SourceQuality "1"]

1. c4 c5 2. e4 e5 3. Nc3 d6 4. d3 Nc6 5. Be2 Nd4 6. Be3 Nxe2 7. Qxe2 Be6 8. Nf3 h6 9. b3 Qa5 10. Bd2 Qc7 11. a4 Ne7 12. a5 Nc6 13. O-O Bg4 14. Nd5 Qd7 15. Bc3 Be7 16. h3 Bh5 17. a6 b6 18. Nxe7 Qxe7 19. Qe3 O-O 20. Ne1 f5 21. exf5 Rxf5 22. g4 Rf4 23. gxh5 Raf8 24. Ng2 Rf3 25. Qe4 Nd8 26. Nh4 Rxh3 27. Ng6 Qg5+ 28. Qg2 Rxh5 29. Nxf8 Qh4 30. Ng6 Qf6 31. Bd2 Ne6 32. Qg4 Rf5 33. Ne7+ Kh8 34. Nxf5 g5 35. Kg2 Qg6 36. Rh1 1-0

[Event "Montcalm op 4 2012-13"]
[Site "Quebec CAN"]
[Date "2013.01.17"]
[Round "2"]
[White "Plante, Rejean"]
[Black "Bonneau, Daniel"]
[Result "0-1"]
[WhiteElo "2017"]
[BlackElo "2047"]
[PlyCount "88"]
[GameId "2160767909382151"]
[EventDate "2013.01.10"]
[EventType "swiss"]
[EventRounds "5"]
[EventCountry "CAN"]
[SourceTitle "EXT 2022"]
[Source "ChessBase"]
[SourceDate "2021.10.06"]
[SourceVersion "1"]
[SourceVersionDate "2021.10.06"]
[SourceQuality "1"]

1. d4 Nf6 2. c4 g6 3. Nc3 Bg7 4. e4 d6 5. Be2 O-O 6. Bg5 c5 7. d5 e6 8. Qd2 exd5 9. exd5 Re8 10. h3 a6 11. Nf3 Nbd7 12. O-O-O Ne5 13. Nxe5 Rxe5 14. g4 Qf8 15. Kb1 Ne4 16. Nxe4 Rxe4 17. Bd3 Re8 18. Be3 Bd7 19. f4 f5 20. g5 b5 21. Rhe1 bxc4 22. Bxc4 Rab8 23. b3 Bb5 24. Rc1 Re4 25. Bd3 Re7 26. Bxb5 axb5 27. Bf2 Re4 28. Re2 Qe8 29. Rce1 Rb7 30. Rxe4 fxe4 31. Qe2 Re7 32. Be3 Bd4 33. h4 b4 34. Qc4 Bc3 35. Rf1 Qf7 36. a4 Qf5 37. a5 Qh3 38. Qe2 Bd4 39. Re1 Ra7 40. Bxd4 cxd4 41. Qc4 Rxa5 42. Qxb4 Qd3+ 43. Kb2 Rb5 44. Qa4 Qc3+ 0-1